000 00430nam a2200181Ia 4500
005 20250603145207.0
008 250603s9999 xx 000 0 und d
020 _a9781405824385
050 _aJA 66 .H64/
100 _aHoffman, John
245 0 _aIntroduction to political concepts
260 _aEdinburg Gate
260 _bPearson Longman
260 _c2006
300 _a286 p
650 _aEdinburg Gate
942 _cBK
999 _c41146
_d41146